000 00881nas a2200277 4500
001 BR2014007539
003 BR-BrBNA
005 20231205124745.0
007 ta
008 230509b bl.|||p| |||| 00| 00por d
040 _aBR-BrBNA
_bpor
_cBiblioteca Nacional de Agricultura
041 _a(En)
072 _aF04; P35
100 1 _aRosolem, C.A.
100 1 _aMerlin, A.
245 1 _aSoil phosphorus availability and soybean response to phosphorus starter fertilizer
650 _aSOJA
650 _aADUBAÇÃO
650 _aFOSFATO
650 _aFERTILIDADE DO SOLO
650 _aCAPIM BRACHIARIA
773 0 _tRevista Brasileira de Ciência do Solo (Brazil)
_xISSN 0100-0683
_g(Sep-Oct 2014), v. 38(5) p. 1487-1495
_wBR2014007539
856 4 0 _uhttp://www.scielo.br/pdf/rbcs/v38n5/a14v38n5.pdf
909 _a202311
_bLúcia
_c55
_dLúcia Elande
942 _2AGRIS
_n0
_cANA
999 _c240737
_d240737